| 000 | 00530nam a22001697a 4500 | ||
|---|---|---|---|
| 999 |
_c8751 _d8751 |
||
| 008 | 201211b ||||| |||| 00| 0 eng d | ||
| 040 | _aBMS College of Architecture | ||
| 100 | _aSharmaa, Shivi | ||
| 245 | _aGrand festival square- exhibting Jaipur | ||
| 300 | _aix,60p. | ||
| 500 | _a1BM11AT064 | ||
| 502 |
_8B,Arch _NBMS College of Architecture, Visvesvaraya Technological University (VTU) _aProject report _d2015 |
||
| 650 | _aExhibting | ||
| 700 |
_aRiju C Thomas _eGuide |
||
| 700 |
_aP S Mamatha _eGuide |
||
| 942 |
_2ddc _cTHE |
||